| 000 | 02121cam a2200541Ii 4500 | ||
|---|---|---|---|
| 001 | sjds1072774 | ||
| 003 | sjds | ||
| 005 | 20230621130618.0 | ||
| 008 | 141023t20152015wiu j 000 1 eng | ||
| 010 | _a 2014040094 | ||
| 020 | _a9781609588922 (paperback) | ||
| 020 | _a1609588924 (paperback) | ||
| 020 | _a9781609589523 | ||
| 020 | _a1609589521 | ||
| 020 |
_a9781609588922 _c$18.96 _q(Library bound) |
||
| 035 | _a592306 | ||
| 035 |
_a(OCoLC)886485907 _z(OCoLC)886474038 _z(OCoLC)886474055 _z(OCoLC)886485894 _z(OCoLC)898589861 |
||
| 035 | _a(OCoLC)ocn886485907 | ||
| 035 | _a592306 | ||
| 040 |
_aDLC _beng _erda _cDLC _dBTCTA _dYDXCP _dBDX _dJAO _dIEP _dBKL _dGO3 _dVTL _dIFA _dUtOrBLW |
||
| 041 | _aeng | ||
| 049 | _aIFAA | ||
| 099 | _aCHILDREN FICTION AMERICAN 2015 | ||
| 100 | 1 |
_aCasanova, Mary, _eauthor. |
|
| 245 | 1 | 0 |
_aGrace stirs it up / _cby Mary Casanova. |
| 264 | 1 |
_aMiddleton, WI : _bAmerican Girl Publishing, _c[2015] |
|
| 300 |
_a177 pages ; _c20 cm. |
||
| 336 |
_atext _btxt _2rdacontent |
||
| 337 |
_aunmediated _bn _2rdamedia |
||
| 338 |
_avolume _bnc _2rdacarrier |
||
| 490 | 1 |
_aGirl of the year ; _v2 |
|
| 490 | 1 | _aAmerican girls collection | |
| 520 | _aInspired by her grandparents' bakery and her recent visit to Paris, nine-year-old Grace leads her friends in starting La Petite Patisserie, making and selling French pastries at school and special events, but they soon discover that starting a new business is not always easy--or fun. | ||
| 521 | _a8+. | ||
| 521 | 8 |
_a730 _bLexile |
|
| 526 | 0 |
_aAccelerated Reader _bMG _c4.7 _d4.0 _z172716 |
|
| 650 | 0 |
_aEntrepreneurship _vJuvenile fiction. |
|
| 650 | 0 |
_aBusiness enterprises _vJuvenile fiction. |
|
| 650 | 0 |
_aFriendship _vJuvenile fiction. |
|
| 650 | 0 |
_aFamilies _vJuvenile fiction. |
|
| 650 | 0 |
_aBakeries _vJuvenile fiction. |
|
| 650 | 0 |
_aBakers _vJuvenile fiction. |
|
| 830 | 0 |
_aGirl of the year. _pGrace _v2. |
|
| 830 | 0 | _aAmerican girls collection. | |
| 942 | _cBK | ||
| 999 |
_c28185 _d28185 |
||
| 999 | _bCHILDREN FICTION AMERICAN 2015 | ||